[Event "25th 4NCL Congress"]
[Site "Leamington Spa, United Kingdom"]
[Date "2021.07.10"]
[Round "3.20"]
[White "Faulkner, Martin J"]
[Black "Goater, Kevin P"]
[Result "0-1"]
[TimeControl "All moves in 90 minutes + 30 seconds per move"]
[WhiteElo "1892"]
[BlackElo "2083"]

1. c4 {[%clk 01:30:56]} {[%emt 00:00:04]} c6 {[%clk 01:30:40]} {[%emt
00:00:20]} 2. e4 {[%clk 01:31:19]} {[%emt 00:00:07]} d5 {[%clk 01:31:02]}
{[%emt 00:00:08]} 3. exd5 {[%clk 01:31:44]} {[%emt 00:00:05]} cxd5 {[%clk
01:31:28]} {[%emt 00:00:05]} 4. cxd5 {[%clk 01:32:07]} {[%emt 00:00:06]} Nf6
{[%clk 01:31:13]} {[%emt 00:00:44]} 5. Nc3 {[%clk 01:32:30]} {[%emt 00:00:07]}
Nxd5 {[%clk 01:30:41]} {[%emt 00:01:03]} 6. Nf3 {[%clk 01:32:48]} {[%emt
00:00:12]} Nxc3 {[%clk 01:29:47]} {[%emt 00:01:24]} 7. bxc3 {[%clk 01:32:57]}
{[%emt 00:00:21]} e6 {[%clk 01:29:34]} {[%emt 00:00:43]} 8. d4 {[%clk
01:32:54]} {[%emt 00:00:34]} Nc6 {[%clk 01:28:47]} {[%emt 00:01:16]} 9. Bd3
{[%clk 01:32:41]} {[%emt 00:00:42]} Be7 {[%clk 01:28:47]} {[%emt 00:00:31]} 10.
O-O {[%clk 01:33:03]} {[%emt 00:00:08]} Qc7 {[%clk 01:27:55]} {[%emt 00:01:21]}
11. Re1 {[%clk 01:29:03]} {[%emt 00:04:31]} Bd7 {[%clk 01:28:01]} {[%emt
00:00:23]} 12. Qe2 {[%clk 01:28:06]} {[%emt 00:01:27]} h6 {[%clk 01:20:08]}
{[%emt 00:08:23]} 13. Bd2 {[%clk 01:20:19]} {[%emt 00:08:17]} a6 {[%clk
01:13:44]} {[%emt 00:06:55]} 14. d5 {[%clk 01:10:46]} {[%emt 00:10:03]} exd5
{[%clk 01:09:47]} {[%emt 00:04:26]} 15. Nd4 {[%clk 01:09:55]} {[%emt 00:01:22]}
Kf8 {[%clk 01:06:19]} {[%emt 00:03:59]} 16. Qh5 {[%clk 00:50:52]} {[%emt
00:19:33]} Nxd4 {[%clk 00:59:19]} {[%emt 00:07:30]} 17. cxd4 {[%clk 00:46:00]}
{[%emt 00:05:22]} Bc6 {[%clk 00:58:03]} {[%emt 00:01:46]} 18. Rac1 {[%clk
00:38:22]} {[%emt 00:08:08]} Qd6 {[%clk 00:52:46]} {[%emt 00:05:47]} 19. h4
{[%clk 00:26:09]} {[%emt 00:12:43]} Kg8 {[%clk 00:45:09]} {[%emt 00:08:06]} 20.
Re3 {[%clk 00:24:55]} {[%emt 00:01:45]} g6 {[%clk 00:44:24]} {[%emt 00:01:16]}
21. Qe2 {[%clk 00:21:08]} {[%emt 00:04:17]} Bxh4 {[%clk 00:43:36]} {[%emt
00:01:18]} 22. Rh3 {[%clk 00:16:22]} {[%emt 00:05:16]} Bf6 {[%clk 00:42:24]}
{[%emt 00:01:41]} 23. Be3 {[%clk 00:14:09]} {[%emt 00:02:43]} Re8 {[%clk
00:37:51]} {[%emt 00:05:01]} 24. Qd2 {[%clk 00:14:26]} {[%emt 00:00:15]} h5
{[%clk 00:34:34]} {[%emt 00:03:47]} 25. Qc2 {[%clk 00:10:52]} {[%emt 00:04:05]}
Bd7 {[%clk 00:33:38]} {[%emt 00:01:25]} 26. Rh1 {[%clk 00:08:31]} {[%emt
00:02:51]} Rc8 {[%clk 00:32:49]} {[%emt 00:01:19]} 27. Qb2 {[%clk 00:08:21]}
{[%emt 00:00:41]} Rxc1+ {[%clk 00:31:21]} {[%emt 00:01:57]} 28. Qxc1 {[%clk
00:08:09]} {[%emt 00:00:42]} Qb6 {[%clk 00:31:15]} {[%emt 00:00:35]} 29. Qa1
{[%clk 00:05:04]} {[%emt 00:03:37]} Kg7 {[%clk 00:30:50]} {[%emt 00:00:54]} 30.
f3 {[%clk 00:03:29]} {[%emt 00:02:06]} h4 {[%clk 00:29:41]} {[%emt 00:01:38]}
31. Kf2 {[%clk 00:03:21]} {[%emt 00:00:38]} Qd6 {[%clk 00:29:33]} {[%emt
00:00:38]} 32. f4 {[%clk 00:02:47]} {[%emt 00:01:05]} g5 {[%clk 00:25:51]}
{[%emt 00:04:11]} 33. g3 {[%clk 00:02:23]} {[%emt 00:00:54]} g4 {[%clk
00:22:37]} {[%emt 00:03:44]} 34. Qd1 {[%clk 00:00:49]} {[%emt 00:02:04]} Qb4
{[%clk 00:21:20]} {[%emt 00:01:46]} 35. f5 {[%clk 00:00:54]} {[%emt 00:00:26]}
Qb2+ {[%clk 00:20:18]} {[%emt 00:01:30]} 36. Kg1 {[%clk 00:00:50]} {[%emt
00:00:35]} Kf8 {[%clk 00:17:12]} {[%emt 00:03:36]} 37. Rh2 {[%clk 00:01:11]}
{[%emt 00:00:09]} Qa3 {[%clk 00:16:40]} {[%emt 00:01:01]} 38. gxh4 {[%clk
00:01:04]} {[%emt 00:00:38]} Bxf5 {[%clk 00:16:10]} {[%emt 00:00:59]} 39. Bh6+
{[%clk 00:00:35]} {[%emt 00:00:59]} Rxh6 {[%clk 00:16:21]} {[%emt 00:00:19]} 40.
Bxf5 {[%clk 00:01:01]} {[%emt 00:00:05]} Qe3+ {[%clk 00:16:14]} {[%emt
00:00:38]} 41. Kh1 {[%clk 00:00:48]} {[%emt 00:00:43]} g3 {[%clk 00:16:05]}
{[%emt 00:00:38]} 42. Rh3 {[%clk 00:01:02]} {[%emt 00:00:15]} Bxd4 {[%clk
00:16:00]} {[%emt 00:00:35]} 43. Qb1 {[%clk 00:01:07]} {[%emt 00:00:26]} Qf3#
{[%clk 00:16:14]} {[%emt 00:00:14]} 0-1

[Event "25th 4NCL Congress"]
[Site "Leamington Spa, United Kingdom"]
[Date "2021.07.10"]
[Round "3.21"]
[White "Merriman, James"]
[Black "Chan, Sheng Liang Bernard"]
[Result "0-1"]
[TimeControl "All moves in 90 minutes + 30 seconds per move"]
[WhiteElo "1828"]
[BlackElo "1852"]

1. d4 {[%clk 01:30:42]} {[%emt 00:00:17]} d5 {[%clk 01:30:54]} {[%emt
00:00:07]} 2. c4 {[%clk 01:31:08]} {[%emt 00:00:04]} dxc4 {[%clk 01:31:19]}
{[%emt 00:00:04]} 3. e4 {[%clk 01:31:34]} {[%emt 00:00:04]} b5 {[%clk
01:31:45]} {[%emt 00:00:05]} 4. a4 {[%clk 01:30:33]} {[%emt 00:01:32]} c6
{[%clk 01:32:14]} {[%emt 00:00:01]} 5. axb5 {[%clk 01:29:23]} {[%emt 00:01:39]}
cxb5 {[%clk 01:32:41]} {[%emt 00:00:02]} 6. b3 {[%clk 01:24:39]} {[%emt
00:05:14]} e5 {[%clk 01:33:02]} {[%emt 00:00:09]} 7. d5 {[%clk 01:24:38]}
{[%emt 00:00:30]} Nf6 {[%clk 01:31:28]} {[%emt 00:02:06]} 8. bxc4 {[%clk
01:03:47]} {[%emt 00:21:20]} Nxe4 {[%clk 01:29:20]} {[%emt 00:02:38]} 9. Qe2
{[%clk 00:59:49]} {[%emt 00:04:28]} f5 {[%clk 01:25:10]} {[%emt 00:04:40]} 10.
f3 {[%clk 00:56:41]} {[%emt 00:03:39]} Bb4+ {[%clk 01:25:02]} {[%emt 00:00:38]}
11. Nd2 {[%clk 00:52:10]} {[%emt 00:05:00]} Nc3 {[%clk 01:23:50]} {[%emt
00:01:42]} 12. Qxe5+ {[%clk 00:44:03]} {[%emt 00:08:37]} Kf7 {[%clk 01:24:14]}
{[%emt 00:00:07]} 13. Ne2 {[%clk 00:42:40]} {[%emt 00:01:53]} Re8 {[%clk
01:23:01]} {[%emt 00:01:43]} 14. Qg3 {[%clk 00:36:43]} {[%emt 00:05:58]} Qe7
{[%clk 01:23:22]} {[%emt 00:00:38]} 15. Bb2 {[%clk 00:36:25]} {[%emt 00:00:49]}
g6 {[%clk 01:18:26]} {[%emt 00:05:25]} 16. Bxc3 {[%clk 00:33:46]} {[%emt
00:03:10]} Bxc3 {[%clk 01:18:54]} {[%emt 00:00:01]} 17. Rd1 {[%clk 00:33:17]}
{[%emt 00:00:59]} Na6 {[%clk 01:14:52]} {[%emt 00:04:33]} 18. f4 {[%clk
00:32:10]} {[%emt 00:01:36]} b4 {[%clk 01:12:33]} {[%emt 00:02:49]} 19. Rc1
{[%clk 00:21:17]} {[%emt 00:11:23]} Nc5 {[%clk 01:12:35]} {[%emt 00:00:28]} 20.
Rxc3 {[%clk 00:21:22]} {[%emt 00:00:25]} bxc3 {[%clk 01:13:04]} {[%emt
00:00:02]} 21. Qxc3 {[%clk 00:21:43]} {[%emt 00:00:09]} Rb8 {[%clk 01:12:11]}
{[%emt 00:01:23]} 22. Nf3 {[%clk 00:20:44]} {[%emt 00:01:28]} Rb1+ {[%clk
01:12:30]} {[%emt 00:00:13]} 23. Kf2 {[%clk 00:20:50]} {[%emt 00:00:20]} Ne4+
{[%clk 01:12:58]} {[%emt 00:00:05]} 0-1

[Event "25th 4NCL Congress"]
[Site "Leamington Spa, United Kingdom"]
[Date "2021.07.10"]
[Round "3.22"]
[White "Handley, Michael R"]
[Black "Gibbs, Dominic V"]
[Result "1/2-1/2"]
[TimeControl "All moves in 90 minutes + 30 seconds per move"]
[WhiteElo "1979"]
[BlackElo "1909"]

1. d4 {[%clk 01:30:57]} {[%emt 00:00:03]} d6 {[%clk 01:30:55]} {[%emt
00:00:05]} 2. e4 {[%clk 01:31:17]} {[%emt 00:00:10]} Nf6 {[%clk 01:31:20]}
{[%emt 00:00:05]} 3. Nc3 {[%clk 01:31:44]} {[%emt 00:00:03]} g6 {[%clk
01:30:59]} {[%emt 00:00:51]} 4. Be3 {[%clk 01:32:09]} {[%emt 00:00:05]} c6
{[%clk 01:31:22]} {[%emt 00:00:07]} 5. Qd2 {[%clk 01:31:47]} {[%emt 00:00:52]}
b5 {[%clk 01:31:33]} {[%emt 00:00:18]} 6. Bd3 {[%clk 01:32:12]} {[%emt
00:00:05]} Nbd7 {[%clk 01:30:10]} {[%emt 00:01:54]} 7. Nf3 {[%clk 01:32:03]}
{[%emt 00:00:39]} Bb7 {[%clk 01:17:11]} {[%emt 00:13:28]} 8. e5 {[%clk
01:11:19]} {[%emt 00:21:15]} Ng4 {[%clk 01:17:08]} {[%emt 00:00:32]} 9. Bf4
{[%clk 01:07:08]} {[%emt 00:04:41]} dxe5 {[%clk 01:15:19]} {[%emt 00:02:20]} 10.
dxe5 {[%clk 01:07:07]} {[%emt 00:00:31]} Bg7 {[%clk 01:10:01]} {[%emt
00:05:46]} 11. e6 {[%clk 00:55:27]} {[%emt 00:12:11]} fxe6 {[%clk 01:04:35]}
{[%emt 00:05:56]} 12. Qe2 {[%clk 00:55:50]} {[%emt 00:00:07]} e5 {[%clk
01:02:01]} {[%emt 00:03:04]} 13. Bg3 {[%clk 00:55:55]} {[%emt 00:00:25]} Qa5
{[%clk 00:53:50]} {[%emt 00:08:41]} 14. O-O {[%clk 00:48:20]} {[%emt 00:08:04]}
b4 {[%clk 00:42:49]} {[%emt 00:11:31]} 15. Ne4 {[%clk 00:48:17]} {[%emt
00:00:34]} Nh6 {[%clk 00:32:54]} {[%emt 00:10:25]} 16. a3 {[%clk 00:43:32]}
{[%emt 00:05:15]} Nf5 {[%clk 00:28:03]} {[%emt 00:05:21]} 17. axb4 {[%clk
00:36:32]} {[%emt 00:07:30]} Qxb4 {[%clk 00:28:27]} {[%emt 00:00:06]} 18. Ra3
{[%clk 00:36:57]} {[%emt 00:00:04]} Qb6 {[%clk 00:27:17]} {[%emt 00:01:40]} 19.
Rb3 {[%clk 00:30:24]} {[%emt 00:07:04]} Qc7 {[%clk 00:27:29]} {[%emt 00:00:17]}
20. Neg5 {[%clk 00:20:45]} {[%emt 00:10:09]} Nxg3 {[%clk 00:23:47]} {[%emt
00:04:12]} 21. hxg3 {[%clk 00:16:33]} {[%emt 00:04:43]} Nf8 {[%clk 00:23:08]}
{[%emt 00:01:08]} 22. Bc4 {[%clk 00:15:51]} {[%emt 00:01:12]} e6 {[%clk
00:17:48]} {[%emt 00:05:50]} 23. Nxe6 {[%clk 00:15:46]} {[%emt 00:00:35]} Nxe6
{[%clk 00:18:01]} {[%emt 00:00:17]} 24. Bxe6 {[%clk 00:16:12]} {[%emt
00:00:04]} Bc8 {[%clk 00:16:26]} {[%emt 00:02:06]} 25. Bc4 {[%clk 00:13:04]}
{[%emt 00:03:37]} Bg4 {[%clk 00:13:50]} {[%emt 00:03:06]} 26. Qe4 {[%clk
00:12:19]} {[%emt 00:01:15]} Bf5 {[%clk 00:13:15]} {[%emt 00:01:05]} 27. Qe2
{[%clk 00:09:19]} {[%emt 00:03:30]} Bg4 {[%clk 00:13:21]} {[%emt 00:00:25]} 28.
Qe3 {[%clk 00:07:55]} {[%emt 00:01:53]} Bxf3 {[%clk 00:07:45]} {[%emt
00:06:06]} 29. gxf3 {[%clk 00:08:03]} {[%emt 00:00:23]} Rf8 {[%clk 00:06:39]}
{[%emt 00:01:36]} 30. f4 {[%clk 00:06:23]} {[%emt 00:02:10]} Rb8 {[%clk
00:04:57]} {[%emt 00:02:13]} 31. Ra1 {[%clk 00:03:53]} {[%emt 00:03:00]} Rxb3
{[%clk 00:05:14]} {[%emt 00:00:13]} 32. Bxb3 {[%clk 00:04:21]} {[%emt
00:00:02]} Qb6 {[%clk 00:04:36]} {[%emt 00:01:08]} 33. Rxa7 {[%clk 00:03:48]}
{[%emt 00:01:03]} Qxe3 {[%clk 00:04:59]} {[%emt 00:00:07]} 34. fxe3 {[%clk
00:04:11]} {[%emt 00:00:07]} Bf6 {[%clk 00:04:26]} {[%emt 00:01:03]} 35. Rxh7
{[%clk 00:04:13]} {[%emt 00:00:29]} exf4 {[%clk 00:04:43]} {[%emt 00:00:13]} 36.
gxf4 {[%clk 00:04:22]} {[%emt 00:00:21]} Bxb2 {[%emt 00:01:26]} 37. Rc7 {[%clk
00:03:42]} Bc1 {[%clk 00:04:50]} {[%emt 00:00:35]} 38. Kf2 {[%clk 00:02:31]}
{[%emt 00:01:42]} Rf6 {[%clk 00:04:10]} {[%emt 00:01:10]} 39. Ba4 {[%clk
00:02:33]} {[%emt 00:00:29]} Kd8 {[%clk 00:04:19]} {[%emt 00:00:20]} 40. Rxc6
{[%clk 00:02:48]} {[%emt 00:00:16]} Rxc6 {[%clk 00:04:43]} {[%emt 00:00:06]} 41.
Bxc6 {[%clk 00:03:13]} {[%emt 00:00:04]} Ke7 {[%clk 00:04:36]} {[%emt
00:00:37]} 42. Kf3 {[%clk 00:03:07]} {[%emt 00:00:37]} Kf6 {[%clk 00:04:39]}
{[%emt 00:00:27]} 43. e4 {[%clk 00:01:26]} {[%emt 00:02:11]} g5 {[%clk
00:02:27]} {[%emt 00:02:41]} 44. e5+ {[%clk 00:01:43]} {[%emt 00:00:13]} Ke6
{[%clk 00:02:55]} {[%emt 00:00:02]} 45. fxg5 {[%clk 00:02:04]} {[%emt
00:00:09]} Bxg5 {[%clk 00:03:05]} {[%emt 00:00:20]} 46. Ke4 {[%clk 00:02:29]}
{[%emt 00:00:05]} Bd8 {[%clk 00:02:59]} {[%emt 00:00:36]} 47. Ba4 {[%clk
00:02:31]} {[%emt 00:00:28]} Bc7 {[%clk 00:02:14]} {[%emt 00:01:15]} 48. Bb3+
{[%clk 00:02:55]} {[%emt 00:00:07]} Ke7 {[%clk 00:02:28]} {[%emt 00:00:17]} 49.
Kd5 {[%clk 00:03:16]} {[%emt 00:00:06]} Kd7 {[%clk 00:01:24]} {[%emt 00:01:35]}
50. c4 {[%clk 00:03:02]} {[%emt 00:00:45]} Ke7 {[%clk 00:01:13]} {[%emt
00:00:41]} 51. c5 {[%clk 00:02:41]} {[%emt 00:00:51]} Kd7 {[%clk 00:01:12]}
{[%emt 00:00:30]} 52. Bd1 {[%clk 00:02:05]} {[%emt 00:01:06]} Ke7 {[%clk
00:00:53]} {[%emt 00:00:50]} 53. Bg4 {[%clk 00:02:21]} {[%emt 00:00:13]} Bb8
{[%clk 00:00:42]} {[%emt 00:00:41]} 54. e6 {[%clk 00:02:38]} {[%emt 00:00:13]}
Ba7 {[%clk 00:00:38]} {[%emt 00:00:34]} 55. Kc6 {[%clk 00:02:57]} {[%emt
00:00:11]} Bb8 {[%clk 00:01:00]} {[%emt 00:00:09]} 56. Kb7 {[%clk 00:02:52]}
{[%emt 00:00:35]} Be5 {[%clk 00:01:02]} {[%emt 00:00:27]} 57. Kc8 {[%clk
00:02:18]} {[%emt 00:01:05]} Bc3 {[%clk 00:00:38]} {[%emt 00:00:53]} 58. Kb7
{[%clk 00:01:49]} {[%emt 00:00:59]} Kd8 {[%clk 00:00:46]} {[%emt 00:00:22]} 59.
Kc6 {[%clk 00:02:08]} {[%emt 00:00:11]} Be5 {[%clk 00:00:50]} {[%emt 00:00:26]}
60. Kd5 {[%clk 00:02:28]} {[%emt 00:00:11]} Bg3 {[%clk 00:00:58]} {[%emt
00:00:22]} 61. Bd1 {[%clk 00:02:51]} {[%emt 00:00:07]} Bf4 {[%clk 00:00:48]}
{[%emt 00:00:39]} 62. Ba4 {[%clk 00:03:10]} {[%emt 00:00:10]} Bg3 {[%clk
00:00:48]} {[%emt 00:00:30]} 63. Bd7 {[%clk 00:03:31]} {[%emt 00:00:10]} Bf4
{[%clk 00:01:08]} {[%emt 00:00:10]} 64. Ke4 {[%clk 00:03:37]} {[%emt 00:00:24]}
Bg3 {[%clk 00:01:08]} {[%emt 00:00:29]} 65. Kf5 {[%clk 00:04:03]} {[%emt
00:00:05]} Bf2 {[%clk 00:00:43]} {[%emt 00:00:55]} 66. c6 {[%clk 00:04:32]}
{[%emt 00:00:02]} Bg3 {[%clk 00:00:56]} {[%emt 00:00:16]} 67. Kg5 {[%clk
00:04:40]} {[%emt 00:00:22]} Ke7 {[%clk 00:01:06]} {[%emt 00:00:21]} 1/2-1/2

[Event "25th 4NCL Congress"]
[Site "Leamington Spa, United Kingdom"]
[Date "2021.07.10"]
[Round "3.23"]
[White "De Coverly, Roger D"]
[Black "Shapland, David"]
[Result "1-0"]
[TimeControl "All moves in 90 minutes + 30 seconds per move"]
[WhiteElo "1958"]
[BlackElo "1759"]

1. e4 {[%clk 01:30:54]} {[%emt 00:00:04]} e5 {[%clk 01:30:55]} {[%emt
00:00:06]} 2. Nf3 {[%clk 01:31:14]} {[%emt 00:00:10]} Nc6 {[%clk 01:31:20]}
{[%emt 00:00:05]} 3. Bb5 {[%clk 01:31:29]} {[%emt 00:00:14]} a6 {[%clk
01:31:36]} {[%emt 00:00:15]} 4. Ba4 {[%clk 01:31:53]} {[%emt 00:00:05]} Nf6
{[%clk 01:31:59]} {[%emt 00:00:08]} 5. O-O {[%clk 01:32:13]} {[%emt 00:00:10]}
b5 {[%clk 01:32:16]} {[%emt 00:00:13]} 6. Bb3 {[%clk 01:32:36]} {[%emt
00:00:07]} Nxe4 {[%clk 01:32:32]} {[%emt 00:00:14]} 7. Qe2 {[%clk 01:28:35]}
{[%emt 00:04:31]} d5 {[%clk 01:30:42]} {[%emt 00:02:20]} 8. d3 {[%clk
01:27:21]} {[%emt 00:01:44]} Nc5 {[%clk 01:29:20]} {[%emt 00:01:51]} 9. Nxe5
{[%clk 01:25:02]} {[%emt 00:02:50]} Nxe5 {[%clk 01:26:56]} {[%emt 00:02:54]} 10.
Qxe5+ {[%clk 01:25:23]} {[%emt 00:00:09]} Be6 {[%clk 01:27:11]} {[%emt
00:00:14]} 11. Nc3 {[%clk 01:22:10]} {[%emt 00:03:43]} Nxb3 {[%clk 01:26:41]}
{[%emt 00:01:00]} 12. axb3 {[%clk 01:21:48]} {[%emt 00:00:52]} Qd6 {[%clk
01:26:22]} {[%emt 00:00:49]} 13. Qxd6 {[%clk 01:21:07]} {[%emt 00:01:11]} Bxd6
{[%clk 01:25:15]} {[%emt 00:01:38]} 14. Nxb5 {[%clk 01:20:44]} {[%emt
00:00:54]} Kd7 {[%clk 01:25:21]} {[%emt 00:00:24]} 15. Nxd6 {[%clk 01:19:41]}
{[%emt 00:01:32]} Kxd6 {[%clk 01:25:39]} {[%emt 00:00:11]} 16. Bf4+ {[%clk
01:19:23]} {[%emt 00:00:48]} Kd7 {[%clk 01:26:05]} {[%emt 00:00:06]} 17. Ra5
{[%clk 01:18:23]} {[%emt 00:01:29]} Ra7 {[%clk 01:24:24]} {[%emt 00:02:12]} 18.
Rfa1 {[%clk 01:17:03]} {[%emt 00:01:48]} Kc6 {[%clk 01:23:59]} {[%emt
00:00:54]} 19. Rxa6+ {[%clk 01:12:36]} {[%emt 00:04:59]} Rxa6 {[%clk 01:24:23]}
{[%emt 00:00:06]} 20. Rxa6+ {[%clk 01:13:00]} {[%emt 00:00:06]} Kb7 {[%clk
01:24:36]} {[%emt 00:00:16]} 21. Ra3 {[%clk 01:12:16]} {[%emt 00:01:15]} c6
{[%clk 01:24:39]} {[%emt 00:00:27]} 22. f3 {[%clk 01:11:15]} {[%emt 00:01:30]}
Re8 {[%clk 01:24:39]} {[%emt 00:00:31]} 23. Kf2 {[%clk 01:10:36]} {[%emt
00:01:08]} Bf5 {[%clk 01:24:00]} {[%emt 00:01:10]} 24. Be3 {[%clk 01:07:23]}
{[%emt 00:03:41]} Ra8 {[%clk 01:23:29]} {[%emt 00:01:01]} 25. Bc5 {[%clk
01:06:32]} {[%emt 00:01:22]} Bg6 {[%clk 01:22:34]} {[%emt 00:01:25]} 26. Rxa8
{[%clk 01:05:44]} {[%emt 00:01:18]} Kxa8 {[%clk 01:22:59]} {[%emt 00:00:06]} 27.
Bf8 {[%clk 01:05:58]} {[%emt 00:00:14]} 1-0

[ePGN "0.1;DGT LiveChess/2.2.5"]

[Event "25th 4NCL Congress"]
[Site "Leamington Spa, United Kingdom"]
[Date "2021.07.10"]
[Round "2.1"]
[White "Villiers, Thomas"]
[Black "Davies, Nigel R"]
[Result "1/2-1/2"]
[TimeControl "All moves in 90 minutes + 30 seconds per move"]
[WhiteElo "2161"]
[BlackElo "2483"]

1. d4 {[%clk 01:30:54]} {[%emt 00:00:04]} Nf6 {[%clk 01:30:43]} {[%emt
00:00:17]} 2. c4 {[%clk 01:31:08]} {[%emt 00:00:16]} e6 {[%clk 01:31:07]}
{[%emt 00:00:06]} 3. Nc3 {[%clk 01:31:14]} {[%emt 00:00:24]} Bb4 {[%clk
01:30:03]} {[%emt 00:01:35]} 4. e3 {[%clk 01:31:02]} {[%emt 00:00:42]} O-O
{[%clk 01:30:25]} {[%emt 00:00:08]} 5. Bd3 {[%clk 01:31:16]} {[%emt 00:00:16]}
d5 {[%clk 01:30:49]} {[%emt 00:00:06]} 6. Nf3 {[%clk 01:31:01]} {[%emt
00:00:45]} b6 {[%clk 01:30:45]} {[%emt 00:00:33]} 7. O-O {[%clk 01:29:13]}
{[%emt 00:02:19]} Bb7 {[%clk 01:31:09]} {[%emt 00:00:06]} 8. cxd5 {[%clk
01:29:02]} {[%emt 00:00:40]} exd5 {[%clk 01:31:33]} {[%emt 00:00:06]} 9. Qc2
{[%clk 01:26:58]} {[%emt 00:02:34]} Nbd7 {[%clk 01:29:09]} {[%emt 00:02:54]} 10.
a3 {[%clk 01:25:44]} {[%emt 00:01:45]} Bxc3 {[%clk 01:23:15]} {[%emt 00:06:25]}
11. bxc3 {[%clk 01:23:48]} {[%emt 00:02:25]} c5 {[%clk 01:23:15]} {[%emt
00:00:30]} 12. Re1 {[%clk 01:18:54]} {[%emt 00:05:24]} Re8 {[%clk 01:20:40]}
{[%emt 00:03:05]} 13. a4 {[%clk 01:12:50]} {[%emt 00:06:34]} Rc8 {[%clk
01:12:33]} {[%emt 00:08:37]} 14. Qe2 {[%clk 01:06:21]} {[%emt 00:06:59]} c4
{[%clk 01:09:33]} {[%emt 00:03:30]} 15. Bf5 {[%clk 01:03:54]} {[%emt 00:02:57]}
g6 {[%clk 01:07:53]} {[%emt 00:02:09]} 16. Bc2 {[%clk 01:03:03]} {[%emt
00:01:21]} Ne4 {[%clk 01:08:05]} {[%emt 00:00:18]} 17. Bb2 {[%clk 01:02:32]}
{[%emt 00:00:59]} Rc6 {[%clk 00:53:25]} {[%emt 00:15:12]} 18. Nd2 {[%clk
01:01:09]} {[%emt 00:01:54]} Nxd2 {[%clk 00:51:52]} {[%emt 00:02:04]} 19. Qxd2
{[%clk 01:01:23]} {[%emt 00:00:13]} Rce6 {[%clk 00:52:05]} {[%emt 00:00:19]} 20.
Re2 {[%clk 01:00:03]} {[%emt 00:01:49]} f5 {[%clk 00:52:19]} {[%emt 00:00:16]}
21. Rae1 {[%clk 00:58:31]} {[%emt 00:02:02]} Nf6 {[%clk 00:52:29]} {[%emt
00:00:20]} 22. f3 {[%clk 00:58:06]} {[%emt 00:00:55]} Bc6 {[%clk 00:52:34]}
{[%emt 00:00:26]} 23. Ba3 {[%clk 00:57:44]} {[%emt 00:00:51]} Qd7 {[%clk
00:52:13]} {[%emt 00:00:51]} 24. Qd1 {[%clk 00:57:55]} {[%emt 00:00:19]}
1/2-1/2